000 00898nam a22002417a 4500
001 76358
003 BD-RjUL
005 20211209082830.0
008 191127s2019 bg ||||| |||| 00| 0 ben d
020 _a9789849398448
035 _a(BD-RjUL)76579
040 _aBD-RjUL
_beng
_cBD-RjUL
041 _aben
082 _223
_a954.9205092
_bFAG 2019
100 _aফারুক, বিপ্লব
_9235610
245 1 0 _aগল্পে গল্পে বঙ্গবন্ধু /
_cবিপ্লব ফারুক
250 _aউত্তরণ সং.
260 _aঢাকা :
_bউত্তরণ,
_c২০১৯
300 _a৬৩ পৃ.;
_c২২ সেমি.
600 _aমুজিবুর রহমান ,
_cশেখ,
_xজীবনী
_d১৯২০-১৯৭৫
_9235613
600 _aMujibur Rahman,
_cSheikh,
_xBiography
_d1920-1975
_9235614
942 _2ddc
_cBK
999 _c76358
_d76358